000 00317nam a22001337a 4500
008 181025b xxu||||| |||| 00| 0 eng d
020 _a9780323030212
041 _aeng
080 _27 ed
_a610
100 _a3
101 _aSHM
245 _aDiagnostic And Laboratory Test Reference
_cPgana.P
942 _2udc
_cBK
999 _c50918
_d50918